Anılar ve düşünceler / (Record no. 13992)

MARC details
000 -BAŞLIK
Sabit Uzunlukta Kontrol Alanı 00760nam a22002537a 4500
999 ## - SİSTEM KONTROL NUMARALARI (KOHA)
Koha Biblionumber 13992
Koha Biblioitemnumber 13992
003 - KONTROL NUMARASI IDENTIFIER
Denetim Alanı MIRAKIL
005 - SON İŞLEM TARİHİ VE ZAMANI
Denetim Alanı 20200826172839.0
008 - SABİT-BOY VERİ ELEMANLARI - GENEL BİLGİLER
Sabit Uzunlukta Kontrol Alanı 200826b tu ||||| |||| 00| 0 tur d
020 ## - ULUSLARARASI STANDART KİTAP NUMARASI
Uluslararası Standart Kitap Numarası 9756612029
040 ## - KATALOGLAMA KAYNAK
Orijinal Kataloglama Ajansı TR-AnCHP
Kataloglama Dili tur
Metne Dönüştürmek Ajansı TR-AnCHP
041 ## - DİL KODU
Metin / Ses Parça Veya Ayrı Başlığın Dil Kodu tur
082 ## - DEWEY ONLU SINIFLANDIRMA NUMARASI
Sınıflandırma Numarası 923.2 İnönü,E.
Ürün Numarası İ57a 2001
100 ## - ANA GİRİŞ - KİŞİSEL İSİM
Kişisel Ad İnönü, Erdal
245 ## - BAŞLIK TABLOSU
Başlık Anılar ve düşünceler /
Sorumluluk Tablosu, Vb Erdal İnönü.
250 ## - EDITION TABLOSU
Baskı Beyanı 2 bs.
260 ## - YAYIN, DAĞITIM, VB
Yayın, Dağıtım, Vb Yeri İstanbul:
Yayıncı, Dağıtıcı, Vs Adı Doğan Kitap ,
Yayın, Dağıtım, Vb Tarihi 2001.
300 ## - FİZİKSEL TANIM
Kapsam 500 s.:
Boyutlar 23 sm.
504 ## - KAYNAKÇA VB NOT
Kaynakça Vb Notu Dizin vardır.
600 ## - KONU KATMA GİRİŞ - KURUMSAL ADI
Kişisel Ad İnönü, Erdal
Bir Adıyla İlişkilendirilen Tarihler 1926-2007
Genel Alt Bölümü Anılar
600 ## - KONU KATMA GİRİŞ - KURUMSAL ADI
Kişisel Ad İnönü, Erdal
Bir Adıyla İlişkilendirilen Tarihler 1926-2007
Genel Alt Bölümü Yaşam öyküsü
650 ## - KONU KATMA GİRİŞ - TOPİKAL DÖNEM
Topikal Süreli Veya Coğrafi Ad Giriş Elemanı Siyaset ve yönetim
Genel Alt Bölümü Türkiye
650 ## - KONU KATMA GİRİŞ - TOPİKAL DÖNEM
Topikal Süreli Veya Coğrafi Ad Giriş Elemanı Siyasetçiler
Genel Alt Bölümü Türkiye
Kronolojik Alt Bölümü Yaşamöyküsü
942 ## - EKLENDİ GİRİŞ ELEMANLARI (KOHA)
Sınıflandırma Veya Raf Düzeni Kaynak Dewey Decimal Classification
Koha Öğesi Türü Books
Holdings
Kalıcı Konum Mevcut Konum Edinme Tarihi Toplam Check-Out'Lar Tam Çağrı Numarası Barkod Tarih Son Görülme Tekdüzen Kaynak Tanımlayıcı İtibaren Geçerli Fiyatlar Sigara Kamu Notu Koha Öğesi Türü Kopya Sayısı
CHP Kütüphanesi CHP Kütüphanesi 08/26/2020   923.2 İnönü,E. İ57a 2001 019480 08/26/2020 c.3 08/26/2020 Emine Başak Alkan Bağışıdır. Books  
Parti Okulu Kütüphanesi Parti Okulu Kütüphanesi 06/28/2021   923.2 İnönü,E. İ57a 2001 P00767 06/28/2021   06/28/2021 Emin Değer Bağışıdır. Books c.3